Responses for Show #2646 - Monday, February 19, 1996

1996 College Championship semifinal game 1.

Contestants

[<< previous game]

Michael Musgrove, a senior from Georgia Tech University

Steffanie Brown, a junior from West Georgia College

Shane Whitlock, a junior from the University of Arkansas

[next game >>]

Jeopardy! Round responses

THE OLD TESTAMENT
FRENCH WORDS & PHRASES
FIRST AID
SPORTS
U.S. HISTORY
"FLYING" THINGS
    $100 1
his hair

Michael
    $100 13
if you speak French

Steffanie
    $100 11
fracture

Shane
    $100 17
Tonya Harding

Steffanie
    $100 6
Theodore Roosevelt

Michael
    $100 26
(Michael: What are UFOs?)
(Alex: No. The word "flying" must be included in each response.)

flying saucers

SteffanieMichael
    $200 2
Daniel

Shane
    $200 14
silence is golden

Shane
    $200 12
second degree

Steffanie
    $200 22
Kareem Abdul-Jabbar

Shane
    $200 7
Democrat

Shane
    $200 27
(Michael: What is a squirrel?)

flying squirrel

SteffanieMichael
    $300 3
(Shane: Who is David?)

Solomon

ShaneMichael
    $300 18
nom de plume

Steffanie
    $300 15
Henry Heimlich

Shane
    $300 23
Atlanta Braves

Shane
    $300 8
(Michael: What is indigo?)

cotton

SteffanieMichael
    $300 28
flying buttresses

Michael
    $400 4
Job

Steffanie
    $400 19
liver

Michael
    $400 16
dislocation

Michael
    $400 24
golf

Michael
    $500 9
Montgomery, Alabama

Steffanie
    $400 30
the Flying Dutchman

Steffanie
    $500 5
Lamentations

Shane
    $500 21
cuisine

Shane
    $500 20
tourniquet

Steffanie
    $500 25
Boston Celtics

Shane
    $500 10
John Marshall

Shane
    $500 29
the flying fishes

Triple Stumper

Scores at the first commercial break (after clue 13):

Shane Steffanie Michael
$1,200 $1,500 $200

Scores at the end of the Jeopardy! Round:

Shane Steffanie Michael
$3,200 $3,100 $1,400

Double Jeopardy! Round responses

THE 1820s
PLANTS
POLITICAL TERMS
WORLD CITIES
GEOLOGY
TEACHERS
    $200 5
Buckingham Palace

Steffanie
    $200 26
(Michael: What is mistletoe?)

poinsettia

SteffanieMichael
    $200 6
vice president

Michael
    $200 17
Toronto

Shane
    $200 12
tar pit

Shane
    $200 21
(Alex: Shane, you beat Steffanie to the punch on that one!)

Newt Gingrich

Shane
    $400 4
aluminum

Michael
    $400 27
cedar

Shane
    $400 8
balances

Michael
    $400 19
Seoul

Michael
    $400 11
delta

Michael
    $400 22
(John) Scopes

Michael
    $600 3
Ottoman Empire

Shane
    $600 28
papyrus

Steffanie
    $600 14
communism

Shane
    $2,000 18
Marseille

Shane
    $600 10
metamorphic

Michael
    $600 24
Anita Hill

Shane
    $800 2
Maine

Shane
    $800 29
lilies

Shane
    $800 15
Alfred Lord Tennyson

Steffanie
    $800 13
Oslo

Steffanie
    $800 9
geyser

Michael
    $800 25
Isaac Asimov

Shane
    $1,400 1
Bolivia

Michael
    $1000 30
legumes

Michael
    $1000 16
Huey Long

Steffanie
    $1000 20
(Michael: What is Melbourne?)

Sydney

ShaneMichael
    $1000 7
magnesium

Steffanie
    $1000 23
Rachel Carson

Shane

Scores at the end of the Double Jeopardy! Round:

Shane Steffanie Michael
$12,400 $7,700 $6,200

[wagering suggestions for these scores]

Final Jeopardy! Round responses

AMERICAN LITERATURE
MichaelWho is London?
$6,200
SteffanieWho was Jack London?
$7,700
ShaneWho is London?
$3,001
Jack London

Final scores:

Shane Steffanie Michael
$15,401 $15,400 $12,400
Finalist 2nd place: $5,000 3rd place: $5,000

Game dynamics:

Coryat scores:

Shane Steffanie Michael
$11,000 $7,600 $5,800
24 R
(including 1 DD),
1 W
18 R
(including 1 DD),
0 W
17 R
(including 1 DD),
5 W

Combined Coryat: $24,400

[game clues] [game scores] [suggest correction]

Game tape date: 1996-01-10
The J! Archive is created by fans, for fans. Scraping, republication, monetization, and malicious use prohibited; this site may use cookies and collect identifying information. See terms. The Jeopardy! game show and all elements thereof, including but not limited to copyright and trademark thereto, are the property of Jeopardy Productions, Inc. and are protected under law. This website is not affiliated with, sponsored by, or operated by Jeopardy Productions, Inc. Join the discussion at JBoard.tv.